000 00693nam a2200181Ia 4500
008 100921s9999 xx 000 0 und d
082 _b1766
_a891.462 थ 70
100 _aकलगुटकर हिराकांत.
245 _aकन्या ही सासुरासी जाये.
260 _bमॅजेस्टीक बुक स्टॉल,मुंबई.
_c1970
300 _a88
_b---
365 _b4
520 _aललित-नाटके.
630 _aकन्या ही सासुरासी जाये.
650 _aललित-नाटके.
730 _aकन्या ही सासुरासी जाये.
942 _cBOOK
999 _c750879
_d750876